| 000 | 00578nam a2200181 a 4500 | ||
|---|---|---|---|
| 005 | 20210223123233.0 | ||
| 008 | 991125s1975 mx 000 0 spa u | ||
| 035 | _aUPN01000049924 | ||
| 049 | _aCG | ||
| 050 | 4 |
_aRS79 _bC4.6 |
|
| 110 | 2 | _aCentro Mexicano de Estudios en Farmacodependencia | |
| 245 | 1 | 0 |
_aPublicación de trabajos de investigación / _cCentro Mexicano de Estudios en Farmacodependencia. |
| 260 |
_aMéxico : _bCEMEF, _c1975. |
||
| 300 | _a140 p. | ||
| 440 | 0 |
_aCuadernos científicos CEMEF ; _v2 |
|
| 650 | 4 |
_aINVESTIGACION FARMACEUTICA _95972 |
|
| 905 | _aLibro | ||
| 999 |
_c49924 _d49924 |
||